000 01228cam a2200301 a 4500
001 15469517
005 20170105102920.0
008 080930s2009 nyu b 001 0 eng
010 _a 2008042893
020 _a9780312552435 (alk. paper)
020 _a0312539010 (alk. paper)
035 _a(OCoLC)243544546
040 _aDLC
_cDLC
_dBTCTA
_dBAKER
_dC#P
_dBWX
_dCDX
_dDLC
043 _aa-is---
050 0 0 _aUB251.I78
_bT49 2009
100 1 _aThomas, Gordon,
_d1933-
245 1 0 _aGideon's spies :
_bthe secret history of the Mossad /
_cGordon Thomas.
250 _aTHE UPDATE EDITION TO THIS GROUNDBREAKING HISTORY
260 _aNew York :
_bThomas Dunne Books,
_c2009.
300 _axxii, 756 p. ;
_c24 cm.
504 _aIncludes bibliographical references (p. [681]-683) and index.
610 1 0 _aIsrael.
_bMosad le-modiʻin ṿe-tafḳidim meyuḥadim.
650 0 _aIntelligence service
_zIsrael
_xHistory.
651 0 _aIsrael
_xPolitics and government.
906 _a7
_bcbc
_corignew
_d1
_eecip
_f20
_gy-gencatlg
942 _2ddc
_cBK
999 _c15543
_d15543